Safest Countries by GPI - 21 to 40 - Statistics

General Stats
  • This quiz has been taken 17 times
  • The average score is 15 of 20
Answer Stats
Rank Country % Correct
29 Poland
100%
37 United Kingdom
100%
25 Estonia
93%
27 Latvia
93%
36 Lithuania
93%
31 Romania
93%
32 Spain
93%
28 Sweden
93%
30 Bulgaria
86%
34 Italy
86%
24 Norway
86%
22 Australia
79%
33 Taiwan
71%
21 Qatar
64%
40 Albania
50%
35 Kuwait
50%
38 North Macedonia
50%
26 Slovakia
50%
39 Costa Rica
36%
23 Mauritius
36%
No matching quizzes found
Score Distribution
Percent of People with Each Score
Percentile by Number Answered
Your Score History
You have not taken this quiz